La cabaña del Tío Tom (Record no. 9467)
[ view plain ]
| 000 -CABECERA | |
|---|---|
| campo de control de longitud fija | 00901nam a2200277 a 4500 |
| 001 - NÚMERO DE CONTROL | |
| campo de control | BRL_655 |
| 005 - FECHA Y HORA DE LA ÚLTIMA TRANSACCIÓN | |
| campo de control | 20190320210834.0 |
| 008 - DATOS DE LONGITUD FIJA--INFORMACIÓN GENERAL | |
| campo de control de longitud fija | 230913s1966----mx-a######---#000-0#spa-# |
| 041 ## - CÓDIGO DE LENGUA | |
| Código de lengua del texto/banda sonora o título independiente | spa |
| 044 ## - CÓDIGO DEL PAÍS DE LA ENTIDAD EDITORA/PRODUCTORA | |
| Código MARC del país | mx |
| 050 #4 - SIGNATURA TOPOGRÁFICA DE LA BIBLIOTECA DEL CONGRESO | |
| Número de clasificación | PS2954 |
| Número de documento/Ítem | .S76 1966 |
| 100 1# - ENTRADA PRINCIPAL--NOMBRE DE PERSONA | |
| Nombre de persona | Stowe, Harriet Beecher |
| Fechas asociadas al nombre | 1811-1896 |
| 9 (RLIN) | 24536 |
| 245 10 - MENCIÓN DE TÍTULO | |
| Título | La cabaña del Tío Tom |
| Mención de responsabilidad, etc. | Harriet Beecher Stowe ; Ilustraciones de C. Blanch ; Traducción de Florencio Sebastian Yarza. |
| 250 ## - MENCIÓN DE EDICIÓN | |
| Mención de edición | 5a ed. |
| 260 ## - PUBLICACIÓN, DISTRIBUCIÓN, ETC. | |
| Lugar de publicación, distribución, etc. | México |
| Nombre del editor, distribuidor, etc. | Editorial Cumbre |
| Fecha de publicación, distribución, etc. | 1966 |
| 300 ## - DESCRIPCIÓN FÍSICA | |
| Extensión | 422 p. |
| Otras características físicas | il. |
| Dimensiones | 21 cm. |
| 440 #0 - MENCIÓN DE SERIE/PUNTO DE ACCESO ADICIONAL--TÍTULO | |
| Título | Colección ilustrada de obras inmortales |
| 9 (RLIN) | 24537 |
| 500 ## - NOTA GENERAL | |
| Nota general | Au755 |
| 500 ## - NOTA GENERAL | |
| Nota general | Traducción de: Uncle Tom´s Cabin |
| 650 14 - PUNTO DE ACCESO ADICIONAL DE MATERIA--TÉRMINO DE MATERIA | |
| Término de materia o nombre geográfico como elemento de entrada | Literatura estadounidense |
| Subdivisión de forma | Novela |
| 9 (RLIN) | 24538 |
| 650 14 - PUNTO DE ACCESO ADICIONAL DE MATERIA--TÉRMINO DE MATERIA | |
| Término de materia o nombre geográfico como elemento de entrada | Esclavitud |
| Subdivisión de forma | Novela |
| 9 (RLIN) | 24539 |
| 700 1# - PUNTO DE ACCESO ADICIONAL--NOMBRE DE PERSONA | |
| Nombre de persona | Blanch, C. |
| Término indicativo de función/relación | il. |
| 9 (RLIN) | 24540 |
| 700 1# - PUNTO DE ACCESO ADICIONAL--NOMBRE DE PERSONA | |
| Nombre de persona | Yarza, Florencio Sebastian |
| Término indicativo de función/relación | tr. |
| 9 (RLIN) | 24541 |
| 902 ## - CATALOGADOR | |
| Iniciales | GRL |
| 942 ## - ELEMENTOS DE PUNTO DE ACCESO ADICIONAL (KOHA) | |
| Fuente del sistema de clasificación o colocación | Library of Congress Classification |
| Tipo de ítem Koha | Libros |
| Estado de retiro | Estado de pérdida | Estado dañado | No para préstamo | Localización permanente | Ubicación/localización actual | Fecha de adquisición | Número de inventario | Total de préstamos | Signatura topográfica completa | Código de barras | Fecha visto por última vez | Precio válido a partir de | Tipo de ítem Koha |
|---|---|---|---|---|---|---|---|---|---|---|---|---|---|
| El ejemplar forma parte de la colección y puede ser consultado según las políticas vigentes. | Biblioteca Centro de Estudios Ruth D. Lechuga | Biblioteca Centro de Estudios Ruth D. Lechuga | 23/09/2013 | Au755 | PS2954 .S76 1966 (Au755) | GRL00724 | 22/03/2019 | 22/03/2019 | Libros |